Wissensspeicher mit Aufgabensammlung. Schriftanwendung im Bauwesen. Grundlagen zur baugebundenen Schriftgestaltung /

Uloženo v:
Podrobná bibliografie
Hlavní autor: Baumgart, Günter
Médium: Kniha
Jazyk:němčina
Vydáno: Berlin : Verlag für Bauwesen, 1979
Vydání:2. bearbeitete Aufl.
On-line přístup: Získat plný text
Tagy: Přidat tag
Žádné tagy, Buďte první, kdo vytvoří štítek k tomuto záznamu!

MARC

LEADER 00000nam a2200000 4500
003 SK-BrCVT
005 20220617210605.0
008 030201s1979 gw e ||||||ger d
035 |a CVTIDW0966832 
040 |b slo  |a CVTI SR 
041 0 |a ger 
044 |a gw 
080 |a 003.07:69  |2 UDC-MRF 
100 1 |a Baumgart, Günter 
242 1 0 |a Príručka so zbierkou úloh. Aplikácia písma v stavebníctve. Základy tvorby písma súvisiace so stavebníctvom 
245 1 0 |a Wissensspeicher mit Aufgabensammlung. Schriftanwendung im Bauwesen. Grundlagen zur baugebundenen Schriftgestaltung /  |c Günter Baumgart 
250 |a 2. bearbeitete Aufl. 
260 |a Berlin :  |b Verlag für Bauwesen,  |c 1979 
300 |a 94 s. 
692 |a DP ZH JM MM 
910 |b A404597 
974 |f Knihy 
992 |a APP 
999 |c 125021  |d 125021